| 000 | 00772nas a2200265Ia 4500 | ||
|---|---|---|---|
| 001 | A50/R174-52462 | ||
| 003 | IT-MiCISF | ||
| 008 | 161014c99999999xx |||||||||||| ||und|| | ||
| 040 |
_aIT-MiCISF _cIT-MiCISF |
||
| 041 | _aITALIANO | ||
| 100 | _aGriffini Marco | ||
| 210 | _aCronache e opinioni | ||
| 222 | _aCronache e opinioni | ||
| 245 | 0 | _a2300 bambini adattabili | |
| 250 | _a1a ed. | ||
| 260 | _c2013 | ||
| 501 |
_bCISF - Centro Internazionale Studi Famiglia - Via Giotto, 36 20145 MILANO (non commercial uses only) _cCopyright 2016 |
||
| 300 | _app. 4-5 | ||
| 362 | _an. 7-8, luglio-agosto [2013] | ||
| 500 | _a Tema: adozione, società | ||
| 650 |
_aADOZIONE, AFFIDO _varticolo |
||
| 700 | _aAA.VV. | ||
| 942 | _cCR | ||
| 957 | _71 | ||
| 999 |
_a52462 _bSi _g1 _c246389 _d246389 |
||